Evropská architektura : Encyklopedie evropské architektury od antiky po současnost

Gespeichert in:
Bibliographische Detailangaben
1. Verfasser: Koch, Wilfried (Verfasst von)
Format: Buch
Sprache:Tschechisch
Veröffentlicht: Praha : Euromedia Group, 2008
Ausgabe:2.dopracované vyd.
Schlagworte:
Tags: Tag hinzufügen
Keine Tags, Fügen Sie das erste Tag hinzu!

MARC

LEADER 00000nam a22000003a 4500
001 stu182600
005 20180123170059.9
008 090402s2008------------------------cze-d
020 |a 978-80-242-2029-1 
040 |a STU  |b slo 
041 0 |a cze 
100 1 |a Koch, Wilfried  |4 aut 
245 1 |a Evropská architektura :  |b Encyklopedie evropské architektury od antiky po současnost 
250 |a 2.dopracované vyd. 
260 |a Praha :  |b Euromedia Group,  |c 2008 
300 |a 552 s 
650 7 |a architektúra európska  |2 stusub 
650 7 |a encyklopédie  |2 stusub 
650 7 |a vývoj stavby miest 
650 7 |a kláštory 
650 7 |a dejiny architektúry 
650 7 |a hrady 
650 7 |a sakrálna architektúra 
996 |b 284AU04245  |c A*6498 U  |l AAKNAR  |s A  |a 24  |w stu182600_0001 
996 |b 284AU04246  |c A*6499 U  |l AAKNAR  |s A  |a 24  |w stu182600_0002 
996 |b 284AU04247  |c A*6500 U  |l AAKNAR  |s A  |a 24  |w stu182600_0003 
996 |b 284AU04244  |c A*6497 U  |l AAKNST  |s P  |a 0  |w stu182600_0004